| Tag |
First Indicator |
Second Indicator |
Subfields |
| LEADER |
00000cam a2200000 4500 |
| 001 |
in00000067533 |
| 005 |
20151007083748.0 |
| 008 |
750519s1935 nyuf 00000 eng |
| 010 |
|
|
|a 35021898
|
| 035 |
|
|
|a (OCoLC)01344331
|
| 035 |
|
|
|9 AAF9838AM
|
| 040 |
|
|
|a DLC
|c ORL
|d TXA
|d UtOrBLW
|
| 049 |
|
|
|a TXAM
|c [92155]
|
| 050 |
0 |
0 |
|a E185.93.M6
|b C64
|
| 082 |
0 |
|
|a 325.2609762
|
| 092 |
|
|
|a 325.2609762
|b C678g
|
| 100 |
1 |
|
|a Cohn, David L.
|q (David Lewis),
|d 1896-1960.
|
| 245 |
1 |
0 |
|a God shakes creation.
|
| 264 |
|
1 |
|a New York,
|a London :
|b Harper & brothers,
|c 1935.
|
| 300 |
|
|
|a xvi pages 1 leaf, 299 pages :
|b frontispiece, plates. ;
|c 22 1/2 cm.
|
| 336 |
|
|
|a text
|b txt
|2 rdacontent
|
| 337 |
|
|
|a unmediated
|b n
|2 rdamedia
|
| 338 |
|
|
|a volume
|b nc
|2 rdacarrier
|
| 500 |
|
|
|a At head of title: By David L. Cohn: drawings by Lucian Dent.
|
| 500 |
|
|
|a "Some of the salient features of ... society ... [of the Mississippi] delta."--Foreword.
|
| 500 |
|
|
|a "First edition."
|
| 650 |
|
0 |
|a African Americans
|z Mississippi.
|
| 650 |
|
0 |
|a African Americans
|z Tennessee.
|
| 650 |
|
0 |
|a African Americans
|x Social life and customs.
|
| 650 |
|
0 |
|a African Americans
|x Social conditions.
|
| 651 |
|
0 |
|a Mississippi
|x Social life and customs.
|
| 999 |
|
|
|a MARS
|
| 999 |
f |
f |
|s 9e9765a0-6d6d-3dd2-9912-bdcd3fc89094
|i 48202118-47ac-3cf0-bd17-cbe29396020a
|t 0
|
| 952 |
f |
f |
|p ric
|a Texas A&M University
|b Rellis Campus
|c Joint Library Facility
|d Remote Storage
|t 0
|e E185.93.M6 C64
|h Library of Congress classification
|i unmediated -- volume
|m A14800671078
|
| 998 |
f |
f |
|a E185.93.M6 C64
|t 0
|l Remote Storage
|